LEADER 01246nam a2200289 i 4500 001 000000239516 003 CaOOAMICUS 005 20181018155425.0 008 150310s2014 it u000 u ita u 013 $a218421 020 $a978-88-10-22172-3 040 $aSeMil$bita 100 1 $aBovati, Pietro,$c.$0(OLS)http://semarc/name/89715 245 10$aVie della giustizia secondo la Bibbia :$bsistema giudiziario e procedure per la riconciliazione /$cPietro Bovati. 260 $aBologna :$bEDB,$c2014. 300 $a100 p. ;$c21 cm. 490 0 $aBiblica [EDB] 650 4$aBibbia - Giustizia.$0(OLS)http://semarc/subject/11951 650 4$aBibbia - Giustizia (penale).$0(OLS)http://semarc/subject/15550 830 0$aBiblica.$0(OLS)http://semarc/title/6074 850 $aSeMil 852 $aSeMil$W1$xVenegono$y1$m2V III 262$j189862$B189862$CSeMilBibl$Z2$F200880 $81 961 $aAcquisto: LI.CO.SA 996 $6020$a978-88-10-22172-3$9(OLS)http://semarc/number/245546 996 $6245$aVie della giustizia secondo la Bibbia :$bsistema giudiziario e procedure per la riconciliazione$9(OLS)http://semarc/title/341054 996 $6260$aBologna :$bEDB$9(OLS)http://semarc/publisher/29669 LEADER 00938nam a2200169 i 4500 001 000000215119 003 CaOOAMICUS 005 20120813000000.0 008 120813s1859 it u000 u lat u 013 $a193991 040 $aSeMil$bita 245 10$aCommentaria in secundam secundae D. Thomae, scilicet, operis de religione tractatum septimum de obligationibus. 300 $aXVI, 978 p. 773 0 $aSuarez, Francisco, $tFrancisci Suarez e Societate Jesu Opera omnia.$bEditio nova a D. M. André, ... [poi] a Carolo Berton iuxta editionem venetianam 23 tomos in F. continentem, accurate recognita.$dParisiis : apud Ludovicum Vivès, 1856-1878.$g15$w()27223 850 $aSeMil 852 $aSeMil$W1$xVenegono$y1$m1ZF IV 31 FA$j165540$B165540$CSeMilBibl$Z2$F176517 $8I 996 $6245$aCommentaria in secundam secundae D. Thomae, scilicet, operis de religione tractatum septimum de obligationibus$9(OLS)http://semarc/title/309829